000 00605cam a2200145 4500500
005 20260208002408.0
041 _afre
042 _adc
100 1 0 _aNaepels, Michel
_eauthor
245 0 0 _aCarolyn Nordstrom, Shadows of War, Violence, Power, and International Profiteering in the Twenty-First Century, Berkeley-Los Angeles, University of California Press, 2004, 293 p., bibl., index, ill.
260 _c2007.
500 _a31
786 0 _nL'Homme | 182 | 2 | 2007-04-01 | p. 241c-303c | 0439-4216
856 4 1 _uhttps://shs.cairn.info/revue-l-homme-2007-2-page-241c?lang=fr&redirect-ssocas=7080
999 _c1646112
_d1646112